| 000 | 01326cab a22001935a 4500 | ||
|---|---|---|---|
| 001 | E153578 | ||
| 008 | 110808e20110610xxk 000 0 eng d | ||
| 035 | _a(Sirsi) u153578 | ||
| 041 | 0 | _aeng | |
| 245 | 0 | 0 |
_aAlvina Whittaker v Anthony David Kinnear (acting by his agents on Gershinson and Louise Brooks of Allsop LLP being Receivers appointed under the Law of Property Act 1925) _h[electronic resource] |
| 260 | _c2011 | ||
| 520 | _a[2011] EWHC 1479, 10 June 2011. Considers whether assurances made by a developer (K) to the owner of a property he was purchasing (W), including allowing her to stay in the house for as long as she wanted, can create a proprietary estoppel or a constructive trust in her favour notwithstanding that the parties went on to sign a contract of sale which made no mention of them. Receivers were attempting to gain possession of the house, following K's defaulting on the mortgage. "Held": the appeal was allowed, the order for possession set aside and the case remitted to the Colchester County Court. | ||
| 590 | _aKA | ||
| 650 | 2 | 4 | _aWHITTAKER v KINNEAR |
| 651 | 4 |
_aEngland and Wales _y1543- |
|
| 690 | _aPROPERTY-ACQUISITION AND DISPOSAL OF PROPERTY | ||
| 856 | 4 | 0 |
_uhttps://www.bailii.org/ew/cases/EWHC/QB/2011/1479.html _zView the judgement free of charge at www.bailii.org |
| 942 | _n0 | ||
| 999 |
_c83319 _d83319 |
||